000 00586nam a2200205Ia 4500
005 20250505145727.0
008 008 250505s9999 xx 000 0 eng d
037 _aTextbook
040 _aFML
_beng
_cFML
041 _aeng
_2eng
084 _aNR44/WM13:g R1
_qFML
100 _aRaja, R.P.
_9754282
245 0 _aSwathi Thriunal: Through Trials of History
260 _aThriuvananthpuram , Kerala
_bPUB:R.P. Raja
_c2021
300 _a762p
365 _aINR
_b1800
650 _aMusic
942 _cTB
_hNR44/WM13:g R1
999 _c1311638
_d1311638